Finite group theory

Wedi'i Gadw mewn:
Manylion Llyfryddiaeth
Prif Awdur: Aschbacher, Michael (Awdur)
Fformat: Llyfr
Iaith:Saesneg
Cyhoeddwyd: Cambridge Cambridge University 1986
Cyfres:Cambridge Studies in Advanced Mathematics, 10
Pynciau:
Tagiau: Ychwanegu Tag
Dim Tagiau, Byddwch y cyntaf i dagio'r cofnod hwn!

MARC

LEADER 00000nam a2200000 a 4500
001 UCP1433
003 CL-VaPUC
008 990409e19860000uk |||||||||||||||||eng|d
082 0 4 |a 512.2  |b ASC  |2 21 
100 0 |a Aschbacher, Michael  |e author  |9 427481 
245 1 0 |a Finite group theory 
300 |a 274 p 
942 |c BK 
945 |d 19990409 00:00:00  |a crobeson 
260 |a Cambridge  |b Cambridge University  |c 1986 
650 0 |a Teoría de grupos   |9 270028 
650 0 |a Grupos finitos  |9 270201 
650 0 |a Grupos de Lie   |9 271231 
650 7 |a PERMUTACIONES  |2 CL-VaPUC  |9 427482 
583 |a last modification  |c 20130806 07:13:42  |k Rodrigo Vera 
490 0 |a Cambridge Studies in Advanced Mathematics, 10 
999 |c 280111  |d 280109 
952 |0 0  |1 0  |4 0  |6 512_200000000000000_ASC_1986  |7 0  |8 A  |9 320119  |a BIBMAT  |b BIBMAT  |d 2019-11-20  |i 1340883  |o 512.2 ASC 1986  |p 1340883  |r 2025-01-07  |w 2019-11-20  |y BK  |k MAT